Losowe państwa europejskie na mapie - Statystyki

Ogólne statystyki
  • Ten quiz został rozwiązany 207 razy
  • Średni wynik to 13 z 15
Odpowiedzi na mapie
Odpowiedzi zakodowano w zielono-czerwonej skali na mapie do tego quizu, zgodnie z poniższymi procentami.
 
Statystyki odpowiedzi
Państwa % Poprawnych
Białoruś
100%
Czechy
100%
Hiszpania
100%
Niemcy
100%
Polska
100%
Portugalia
100%
Włochy
100%
Słowacja
98%
Łotwa
97%
Wielka Brytania
97%
Watykan
96%
Dania
95%
Estonia
95%
Francja
95%
Irlandia
95%
Islandia
95%
Norwegia
95%
Rosja
95%
Chorwacja
94%
Grecja
93%
Holandia
93%
Litwa
93%
Rumunia
92%
Węgry
92%
Szwecja
91%
Ukraina
91%
Andora
89%
Malta
89%
Szwajcaria
89%
Belgia
87%
Austria
86%
Słowenia
85%
Bułgaria
84%
Finlandia
83%
Kosowo
82%
Luksemburg
82%
San Marino
80%
Bośnia i Hercegowina
79%
Liechtenstein
79%
Macedonia Północna
78%
Mołdawia
78%
Serbia
78%
Albania
76%
Czarnogóra
73%
Monako
69%
Nie znaleziono quizów pasujących do podanych kryteriów
Rozkład punktacji
Procent ludzi z każdym wynikiem
Percentyl według liczby udzielonych odpowiedzi
Twoja historia wyników
Nie rozwiązałeś tego quizu